Регионална библиотека "Любен Каравелов" - Русе

Лоулань (Запис номер 83510)

MARC детайли
000 -Лидер
Контролно поле с фиксирана дължина 01281nam a2200337 c 4500
003 - Код на организацията, давaща контролен номер
Контролно поле BLK
005 - Дата и час на последна редакция
Контролно поле 20240523170732.0
008 - Елементи от данни с фиксирана дължина
fixed length control field 180408b bul|||||r ||||||| ||bul||
010 ## - Наследен системен номер
LC control number KNG00088060000
020 ## - Международен стандартен номер на книга ISBN
Международен стандартен номер на книга ISBN 978-5-89332-141-8
-- издат.: Гиперион
040 ## - Източник на каталожния запис
Идентификатор на билиотеката - собственик на записа BLK
041 ## - Код за език
Код за езика на текст/звукозапис или на отделно заглавие Руски
Код за езика КДБФ Руски
080 ## - УДК
Текстов определител УДК Японска литература
УДК код - определител по УДК 821.521
УДК определител -32
УДК - код + определител 821.521-32
100 1# - Редна дума - Автор
Автор Иноуэ Ясуси
Авторска отговорност първи автор
R(LIN) 73031
139 ## - Редно поле
Редна дума Иноуэ Ясуси
Авторски знак Инок - И 68
245 10 - Сведения за заглавието
Заглавие Лоулань
Редно поле (дума) Иноуэ Ясуси; пер. с яп. Евгений Н. Кручина.
257 ## - Страна на издаване
Страна на създаване/издаване Япония
260 ## - Област на издателските данни
-- С.-Петербург
Име на издателя, разпространителя и проч. Гиперион
Година на издаване 2007
Печатница С.-Петербург : ГУП типогр. Наука
300 ## - Физическа характеристика
Страници 256 с.
Размери/Мащаб 18 см
380 ## - Жанр
Жанр Худож. лит.
490 1# - СЕРИИ (Колекции)
Име на серия Terra Nipponica
№: серия ХІХ
500 ## - Общи забележки
Забележка Без сведение за ориг. загл. - Офс. изд. - 4 000 тир. - Съдържа и за авт.
653 ## - Ключова дума – ненормативна
Ключова дума разкази
700 1# - Други автори (авторска отговорност)
Лично име Кручина, Евгений Н.
Автороска отговорност (Описва отношението между автора и произведението) пер. с яп.
9 (RLIN) 300995
852 ## - Местоположение
Форматна сигнатура Цб І 33216
856 4# - Електронен адрес и достъп
Електронен формат pdf - файл
Път до файла /url/
856 4# - Електронен адрес и достъп
Електронен формат pdf - файл
Път до файла /url/
942 ## - АРТИКУЛИ
Вид на библиотечния материал Книги
Скрит в OPAC Не
Koha issues (borrowed), all copies 2
944 ## - СЪЗДАВАНЕ И РЕДАКЦИЯ на ЗАПИСА
Създаване/Редакция Създаване
Дата на регистрацията/редакция 26.02.2009
Статус, дата на статуса Минев Младен
Служител, извършил регистрацията/редакцията 30530
944 ## - СЪЗДАВАНЕ И РЕДАКЦИЯ на ЗАПИСА
Създаване/Редакция Редакция
Дата на регистрацията/редакция 05.03.2009
Статус, дата на статуса ф /
Служител, извършил регистрацията/редакцията
999 ## - СИСТЕМНИ КОНТРОЛНИ НОМЕРА
Koha biblionumber 83510
Koha biblioitemnumber 83510
Наличности
Код за отписване Код за изгубен артикул Код за повреда Коз за рестрикции Код за отдаване Артикулен № Име на библиотеката - собственик Име на библиотеката, в която се намира в момента Статус (Текущо местоположение) Дата на вписване в системата Местоположение - отдел Цена в лева Инвентарен номер Систематично азбучна сигнатура Баркод Номер на екземпляра Цена в евро Служебна бележка Служебен тип на артикула
  Не е изгубен Не е повреден без рестрикции заемане за дома 135788 Регионална библиотека "Любен Каравелов" Русе Регионална библиотека "Любен Каравелов" Русе Заемна - подръчен фонд 2009-02-26 Заемна - подръчен фонд 10.00 120000733901 П 895-32/И 68 120000733901 1 5.11 Дост: DA Вид: А N: 2 Дата: 26.02.2009 Дата инв: 09.02.2018 Бележки инв: П2018 Книги
Vip Innovations Ltd, Rousse, Bulgaria 2025